000
00342 a2200157 4500
001
73395
020
_a
8585446285
040
_c
Anchieta - Colégio São Paulo
100
_a
Médici, Miriam de Cássia
240
1
0
_a
Geografia
_l
por
245
1
0
_a
Geografia
300
_a
79
362
0
_a
1999
650
4
_a
Geografia e viagens
942
_c
BK
999
_c
73395
_d
73395